000 00480nam a22001697a 4500
003 AM-YeHGA
040 _aAM-YeHGA
090 _c441563
005 20250617155755.0
008 191008b19141914arm||||| |||| 00| 0 arm d
041 0 _aarm
245 0 0 _aՀայաստանի ուսումնասիրութեան ընկերութիւն ։
_bԿանոնագիր /
260 _aԿ.Պոլիս ։
_bԱ. հ.
_c1914.
300 _a8 էջ.
650 1 4 _aԿանոնագրեր
942 _2udc
_cBK
999 _c438832
_d438832